| 000 | 00633nam a2200241Ia 4500 | ||
|---|---|---|---|
| 005 | 20250425162053.0 | ||
| 008 | 250425s9999 xx 000 0 und d | ||
| 020 | _a9990564213 | ||
| 041 | _aspa | ||
| 043 | _abo | ||
| 082 |
_a863 _pTOR |
||
| 100 | _aTorres Terán, Ernesto | ||
| 245 | 0 |
_aLos elefantes no existen _cErnestoTorres Terán |
|
| 250 | _aPrimera edición | ||
| 260 |
_aLa Paz _bPlural Editores _c2001 |
||
| 300 |
_a178 páginas _c21 cm. |
||
| 650 | _aLiteratura Ecuatoriana | ||
| 650 | _aNovela Ecuatoriana | ||
| 710 | _aPLURAL EDITORES | ||
| 902 |
_aMonográfico _cImpreso |
||
| 942 | _c01 | ||
| 010 | _a46825 | ||
| 999 |
_c221746 _d221746 |
||